Advanced transport phenomena : (Record no. 22894)

MARC details
000 -LEADER
fixed length control field 02928cam a22003015i 4500
001 - CONTROL NUMBER
control field 18134249
003 - CONTROL NUMBER IDENTIFIER
control field EG-ScBUE
005 - DATE AND TIME OF LATEST TRANSACTION
control field 20250601090930.0
008 - FIXED-LENGTH DATA ELEMENTS--GENERAL INFORMATION
fixed length control field 140430s2014 enka f b 001 0 eng d
020 ## - INTERNATIONAL STANDARD BOOK NUMBER
International Standard Book Number 0521762618
020 ## - INTERNATIONAL STANDARD BOOK NUMBER
International Standard Book Number 9780521762618
040 ## - CATALOGING SOURCE
Original cataloging agency EG-ScBUE
Language of cataloging eng
Description conventions rda
Transcribing agency EG-ScBUE
Modifying agency EG-ScBUE
082 04 - DEWEY DECIMAL CLASSIFICATION NUMBER
Edition number 22
Classification number 530.138
Item number RAM
100 1# - MAIN ENTRY--PERSONAL NAME
Personal name Ramachandran, P. A.‏,
9 (RLIN) 41633
Relator term author.
245 10 - TITLE STATEMENT
Title Advanced transport phenomena :
Remainder of title analysis, modeling, and computations /
Statement of responsibility, etc P.A. Ramachandran, Washington University, St. Louis.
250 ## - EDITION STATEMENT
Edition statement First edition
264 #1 - PUBLICATION, DISTRIBUTION, ETC. (IMPRINT)
Place of publication, distribution, etc Cambridge :
Name of publisher, distributor, etc Cambridge University Press,
Date of publication, distribution, etc 2014.
300 ## - PHYSICAL DESCRIPTION
Extent xxx, 774 pages :
Other physical details illustrations ;
Dimensions 25 cm
336 ## - CONTENT TYPE
Source rdacontent
Content type term text
Content type code txt
337 ## - MEDIA TYPE
Media type term unmediated
Source rdamedia
Media type code n
338 ## - CARRIER TYPE
Carrier type term volume
Carrier type code nc
Source rdacarrier
504 ## - BIBLIOGRAPHY, ETC. NOTE
Bibliography, etc Includes bibliographical references and index.<br/>
505 8# - FORMATTED CONTENTS NOTE
Formatted contents note 1. Introduction -- 2. Examples of transport and system models -- 3. Flow kinematics -- 4. Forces and their representation -- 5. Equations of motion and Navier-Stokes equation -- 6. Illustration flow problems -- 7. Energy balance equation -- 8. Illustrative heat transport problems -- 9. Equations of mass transfer -- 10. Illustrative mass transfer problems -- 11. Analysis and solution of transient transport processes -- 12. Convective heat and mass transfer -- 13. Coupled transport problems -- 14. Scaling and perturbation analysis -- 15. More flow analysis -- 16. Bifurcation and stability analysis -- 17. Turbulent flow analysis -- 18. More convective heat transfer -- 19. Radiation heat transfer -- 20. More convective mass transfer -- 21. Mass transfer: multicomponent systems -- 22. Mass transport in charged systems.
520 ## - SUMMARY, ETC.
Summary, etc "An integrated, modern approach to transport phenomena for graduate students, featuring traditional and contemporary examples to demonstrate the diverse practical applications of the theory. Written in an easy to follow style, the basic principles of transport phenomena, and model building are recapped in Chapters 1 and 2 before progressing logically through more advanced topics including physicochemical principles behind transport models. Treatments of numerical, analytical, and computational solutions are presented side by side, often with sample code in MATLAB, to aid students' understanding and develop their confidence in using computational skills to solve real-world problems. Learning objectives and mathematical prerequisites at the beginning of chapters orient students to what is required in the chapter, and summaries and over 400 end-of-chapter problems help them retain the key points and check their understanding. Online supplementary material including solutions to problems for instructors, supplementary reading material, sample computer codes, and case studies complete the package"--
650 #7 - SUBJECT ADDED ENTRY--TOPICAL TERM
Topical term or geographic name as entry element Transport theory.
Source of heading or term BUEsh
9 (RLIN) 4431
655 ## - INDEX TERM--GENRE/FORM
Form subdivision Reading book
942 ## - ADDED ENTRY ELEMENTS (KOHA)
Source of classification or shelving scheme Dewey Decimal Classification
Koha item type Book - Borrowing
Holdings
Withdrawn status Lost status Source of classification or shelving scheme Damaged status Not for loan Collection code Home library Current library Shelving location Date acquired Source of acquisition Cost, normal purchase price Serial Enumeration / chronology Total Checkouts Full call number Barcode Date last seen Cost, replacement price Price effective from Koha item type
    Dewey Decimal Classification     Baccah Central Library Central Library First floor 30/10/2016 Purchase 945.00 3652   530.138 RAM 000034485 15/07/2025 1181.00 30/10/2016 Book - Borrowing